Sombras nada más : historias y relatos de celos /

Guardado en:
Autor Principal: Szwarc, Susana
Formato: Libro
Publicado: Buenos Aires : Instituto Movilizador de Fondos Cooperativos, 2000
Series:Desde la gente
Materias:
Etiquetas: Agregar Etiqueta
Sin Etiquetas, Sea el primero en etiquetar este registro!
LEADER 01374nam a22002055a 4500
001 CEM.cems010816
005 20101213114832.0
008 130507s2000##################000#0#####d
003 CEMS
020 |a 9508600918 
082 0 4 |a A863.4 
100 1 |a Szwarc, Susana 
245 1 0 |a Sombras nada más :  |b historias y relatos de celos /  |c Prólogo de Susana Szwarc 
260 |a Buenos Aires :  |b Instituto Movilizador de Fondos Cooperativos,  |c 2000 
300 |a 127 p. 
490 0 |a Desde la gente 
505 0 |a Los celos / Roland Barthes -- Carta a Milena Jasenska / Franz Kafka -- Otelo (fragmento) / William Shakespeare -- En la oscuridad / Anton Chejov -- Desayuno en Tiffany''s / Truman Capote -- Cuentos de lluvia y de luna. El caldero de Kibirsu / Ueda Akinari -- Werther / J. W. Goethe -- Entremés del viejo celoso / Miguel de Cervantes Saavedra -- El borracho / Guy de Maupassant -- Carta a Livia Veneziani / Italo Svevo -- La sombra en el jardín de rosas / H. D. Lawrence -- Ultimas tardes con Teresa / Juan Marsé -- De vuelta al silencio / Héctor Lastra -- Bloyd / Liliana Heer -- Sacrificio / Adolfo Colombres -- Fiestita con animación / Ana María Shua -- Un cielo estrellado / Miguel Espejo -- Para destruir a la enemiga / Olga Orozco 
653 |a Literatura 
653 |a Literatura argentina siglo 20 
859 |a CEMS  |b BIB. CEMS - 11 de abril  |h A863.4  |i Sz23  |p 21481.01  |t Ej.1